Student's manual : for economics theory and practice

Αποθηκεύτηκε σε:
Λεπτομέρειες βιβλιογραφικής εγγραφής
Κύριος συγγραφέας: Ulmer, Melville J.
Μορφή: Βιβλίο
Γλώσσα:English
Δημοσίευση: Boston : Houghton Mifflin Company, c1959
Θέματα:
Ετικέτες: Προσθήκη ετικέτας
Δεν υπάρχουν, Καταχωρήστε ετικέτα πρώτοι!

MARC

LEADER 00000nam a2200000 i 4500
001 1/65397
008 990111s1959 eng d
035 |l 10047128 
040 |a GR-MY-UA  |b gre  |e aacr 
041 0 |a eng 
082 0 |a 330 
100 1 |a Ulmer, Melville J. 
245 1 0 |a Student's manual :  |b for economics theory and practice /  |c Melville J. Ulmer 
260 |a Boston :   |b Houghton Mifflin Company,   |c c1959 
300 |a 96 p. 
650 0 0 |a Economics. 
852 |a INST  |b CHIOS  |e 19990111  |h 330 ULM  |p 005200015165  |q 005200015165  |t BK  |y 0 
901 |a BIBL-1999-1 
909 |a Χ  |b 055172 
922 |a 2ΔΩΡ  |b 199901  |d ΛΕΜΟΝΙΑ